Nirvana album songs #2 Nevermind - Statistics

General Stats
  • This quiz has been taken 1,927 times
  • The average score is 10 of 13
Answer Stats
Hint Answer % Correct
1 Smells like teen spirit
99%
3 Come as you are
93%
5 Lithium
89%
2 In bloom
87%
6 Polly
86%
12 Something in the way
82%
4 Breed
78%
8 Drain you
77%
7 Territorial pissings
77%
9 Lounge act
71%
11 On a plain
71%
10 Stay away
65%
13* (bonus) Endless nameless
64%
No matching quizzes found
Score Distribution
Percent of People with Each Score
Percentile by Number Answered
Your Score History
You have not taken this quiz